Portrét pani Osuskej

Bibliographic Details
Main Author: Derain, André, 1880-1954 (Author)
Format: Article
Language:Slovak
Subjects:

MARC

LEADER 00000nab a22000001a 4500
001 vtls008997989
003 SK-MaSNL
005 20260303065827.0
008 070611d1933 xo |r|p|||| |000 b|slo
015 |a SNBRRBVU1918-1938 
038 |a SNKBUCL 
038 |a SNKBUVU 
040 |a SNKBUVU  |b slo  |c SNKBUCL  |e AACR2 
041 0 |a slo 
044 |a xo  |c SK 
080 |a 75.051:75.021.32  |2 1997 
080 |a 75.021.32  |2 1997 
100 1 |a Derain, André,  |d 1880-1954   |4 aut  |9 102792 
245 1 0 |a Portrét pani Osuskej  |c Derain 
500 |a Derain, André - franc. maliar (10.6.1880 Chatou - 8.9.1954 Paríž) 
650 0 7 |a francúzske maliarstvo  |2 MM  |9 3115 
650 0 7 |a maľby  |2 MM  |9 313520 
650 0 7 |a portréty  |2 snkbucl  |9 2975 
655 7 |a reprodukcie výtvarných diel  |2 MM  |9 310790 
773 0 |t Vesna  |g Roč. 7, č. 4 (1933), s. 63 
852 |a SNK  |b KIS3GCP 
910 |a snkrbvumm 
958 |a VY 
958 |a FR 
999 |c 1752898  |d 1754828